Závitová měřidla. STN 25 4155 : Mezní závitové kroužky. Zmetková strana. Whitworthův závit W 1/8" až W 3". Účinnost: 1.7.1965

Saved in:
Bibliographic Details
Format: Book
Language:Czech
Published: Praha : Úřad pro normalizaci a měření, 1964
Subjects:
Tags: Add Tag
No Tags, Be the first to tag this record!

MARC

LEADER 00000nam a22000003a 4500
001 stu79639
005 20150408175430.2
008 030310s1964----cs------------------cze-d
040 |a STU  |b slo 
041 0 |a cze 
044 |a cs 
080 |a 531.729.5 
245 |a Závitová měřidla. STN 25 4155 :  |b Mezní závitové kroužky. Zmetková strana. Whitworthův závit W 1/8" až W 3". Účinnost: 1.7.1965 
260 |a Praha :  |b Úřad pro normalizaci a měření,  |c 1964 
300 |a 3 s 
650 7 |a meradlá závitové  |2 stusub 
996 |b 284M039449  |c M*N-688-1  |l MMKN  |s A  |a 24  |w stu79639_0001